| 000 | 01093nam a22003497a 4500 | ||
|---|---|---|---|
| 003 | CHAP | ||
| 005 | 20220329133051.0 | ||
| 008 | 971013s1990 r 00010 d | ||
| 010 | _a1790 | ||
| 011 | _a2762 | ||
| 035 | _a1962 | ||
| 040 | _cCHAP | ||
| 090 | _aFolleto 12573 | ||
| 100 | 0 | 0 |
_aVinning, Grant. _9119854 |
| 245 | _aMarketing perspectives on a potential pacific spice industry | ||
| 260 |
_aCamberra : _bACIAR, _c1990 |
||
| 300 | _a60 p | ||
| 490 |
_aACIAR Technical report _v; 15 |
||
| 500 | _aD43-67 | ||
| 590 |
_aBATCH-UPD _b10 _c20130110 _lUCH01 _h1832 |
||
| 590 |
_aBATCH-UPD _b10 _c20130410 _lUCH01 _h1204 |
||
| 590 |
_aBATCH-UPD _b10 _c20130914 _lUCH01 _h1029 |
||
| 590 |
_aCONVERSION _b10 _c20130109 _lUCH01 _h1302 |
||
| 650 | 1 | 4 |
_aCondimentos. _926337 |
| 650 | 1 | 4 |
_aEspecias _xMercadeo. _937789 |
| 650 | 1 | 4 |
_aProductos agrÃcolas _xMercadeo. _991951 |
| 710 | 2 |
_aAustralian Centre for International Agricultural Research. _98392 |
|
| 830 | 0 |
_aACIAR Technical report _v; 15 _9564 |
|
| 901 | _aBK | ||
| 942 | _cFOLL | ||
| 949 |
_aFolleto 12573 _bBC _cFOLL _d-11456 _eTS1 _i1962 _si |
||
| 999 |
_c1790 _d1790 |
||